| 000 | 00540nam a2200181 i 4500 | ||
|---|---|---|---|
| 001 | 109330 | ||
| 003 | ES-MaACL | ||
| 005 | 20250804012337.0 | ||
| 007 | t| | ||
| 008 | 061121s1930 fr r ||||1| fre d | ||
| 100 | 1 |
_aMugnier, René. _984072 |
|
| 245 | 1 | 3 |
_aLa théorie du premier moteur et l'evolution de la pensée Aristotêlicienne / _cRené Mugnier. |
| 260 |
_aParís : _b[s.n.], _c1930. |
||
| 300 |
_a232 p. ; _c26 cm. |
||
| 600 | 0 | 7 |
_aAristóteles _2embne _922861 |
| 852 |
_aES-MaACL _jF-15089 _bR.18822 |
||
| 999 |
_c109330 _d109330 |
||